Farmland in demand for investors (Record no. 118286)

MARC details
000 -LEADER
fixed length control field 01077cam a2200229 4500
001 - CONTROL NUMBER
control field WB@3612-819
008 - FIXED-LENGTH DATA ELEMENTS--GENERAL INFORMATION
fixed length control field 041110n2004 000 0 eng u
035 ## - SYSTEM CONTROL NUMBER
System control number (Sirsi) u127932
245 ## - TITLE STATEMENT
Title Farmland in demand for investors
260 ## - PUBLICATION, DISTRIBUTION, ETC.
Date of publication, distribution, etc. 2004
490 ## - SERIES STATEMENT
Series statement RICS Press Release
Volume/sequential designation (pr096) 12 November 2004 (12)
520 ## - SUMMARY, ETC.
Summary, etc. The "RICS rural land market survey: Great Britain" has just been published for the third quarter of 2004. It shows that land prices are rocketing as demand greatly outstrips supply. Investors currently perceive the rural market as a viable alternative to the stock market and property. The average price of farmland for the third quarter 2004 has edged closer to £10 000 per hectare - this is an overall rise of nearly 30% in the last 12 months. The survey is available to download from the website. http://www.rics.org
590 ## - LOCAL NOTE (RLIN)
Local note WB
590 ## - LOCAL NOTE (RLIN)
Local note WB
650 ## - SUBJECT ADDED ENTRY--TOPICAL TERM
Topical term or geographic name entry element FARMLAND PRICES
650 ## - SUBJECT ADDED ENTRY--TOPICAL TERM
Topical term or geographic name entry element FARMLAND MARKET
650 ## - SUBJECT ADDED ENTRY--TOPICAL TERM
Topical term or geographic name entry element LAND PURCHASE
650 ## - SUBJECT ADDED ENTRY--TOPICAL TERM
Topical term or geographic name entry element RURAL PROPERTY
650 ## - SUBJECT ADDED ENTRY--TOPICAL TERM
Topical term or geographic name entry element RURAL AREAS
690 ## - LOCAL SUBJECT ADDED ENTRY--TOPICAL TERM (OCLC, RLIN)
Topical term or geographic name as entry element RURAL-MARKET
942 ## - ADDED ENTRY ELEMENTS (KOHA)
Suppress in OPAC 0
Holdings
Withdrawn status Lost status Source of classification or shelving scheme Damaged status Not for loan Home library Current library Shelving location Date acquired Total Checkouts Full call number Barcode Date last seen Copy number Price effective from Koha item type
    Dewey Decimal Classification     London London News article 10/11/2004   WB4043-15 127932-1001 06/08/2019 1 06/08/2019 News article